LEADER 01134nam a22002651i 4500 001 991000459919707536 005 20021010120001.0 008 021010s1983 it |||||||||||||||||ita 035 $ab12008187-39ule_inst 035 $aARCHE-009798$9ExL 040 $aDip.to Filologia Ling. e Lett.$bita$cA.t.i. Arché s.c.r.l. Pandora Sicilia s.r.l. 082 04$a305.7094 100 1 $aIneschi, Flavio$0449154 245 10$aIdentità grìca in terra d'Otranto :$banalisi del conflitto socio culturale di una minoranza etnico-linguistica /$cFlavio Ineschi 260 $aLecce :$bCentro culturale pensionante de' Saraceni,$c1983 300 $a78 p. ;$c22 cm 490 0$aTesti e studi della Grecia salentina ;$v2 650 4$aMinoranze Linguistiche$xItalia meridionale 651 4$aItalia$xMinoranze Linguistiche 907 $a.b12008187$b28-04-17$c01-04-03 912 $a991000459919707536 945 $aLE008 Cr M VI 80$g1$i2008000237189$lle008$o-$pE0.00$q-$rl$s- $t0$u1$v0$w1$x0$y.i12294330$z01-04-03 996 $aIdentità grìca in terra d'Otranto$9133533 997 $aUNISALENTO 998 $ale008$b01-04-03$cm$da $e-$fita$git $h0$i1 LEADER 01261nam 2200397 450 001 9910798689603321 005 20230808194750.0 010 $a1-4438-9814-7 035 $a(CKB)3710000000830945 035 $a(MiAaPQ)EBC4648763 035 $a(EXLCZ)993710000000830945 100 $a20160903h20162016 uy 0 101 0 $aeng 135 $aurcnu|||||||| 181 $2rdacontent 182 $2rdamedia 183 $2rdacarrier 200 10$aCorruption in Ukraine $erulers' mentality and the destiny of the nation, geophilosophy of Ukraine /$fby Oleg Bazaluk ; translated by Tamara Blazhevych ; proofread by Lloyd Barton 210 1$aNewcastle upon Tyne, England :$cCambridge Scholars Publishing,$d2016. 210 4$d©2016 215 $a1 online resource (248 pages) 311 $a1-4438-9689-6 320 $aIncludes bibliographical references. 607 $aUkraine$xPolitics and government$xPhilosophy 607 $aUkraine$xHistory 676 $a320.9477 700 $aBazaluk$b Oleg$0938077 702 $aBlazhevych$b Tamara 702 $aBarton$b Lloyd 801 0$bMiAaPQ 801 1$bMiAaPQ 801 2$bMiAaPQ 906 $aBOOK 912 $a9910798689603321 996 $aCorruption in Ukraine$93837915 997 $aUNINA